[Event "Niedersachsen-ch op-B"]
[Site "Verden"]
[Date "2015.01.04"]
[Round "6"]
[White "Meiwes, Thore"]
[Black "Menze, Gerold"]
[Result "0-1"]
[WhiteElo "962"]
[BlackElo "1606"]
[PlyCount "106"]
[EventDate "2015.01.02"]
[EventType "swiss"]
[EventRounds "7"]
[EventCountry "GER"]
[SourceTitle "EXT 2018"]
[Source "ChessBase"]
[SourceDate "2017.10.13"]
[SourceVersion "1"]
[SourceVersionDate "2017.10.13"]
[SourceQuality "1"]

1. c4 e5 2. e4 Nf6 3. Nc3 Nc6 4. g3 Bb4 5. Bg2 Bxc3 6. bxc3 d6 7. h3 Be6 8. d3 Ne7 9. Ne2 c6 10. 0-0 d5 11. cxd5 cxd5 12. f4 dxe4 13. dxe4 Nd7 14. fxe5 Nxe5 15. Bg5 f6 16. Be3 0-0 17. Nf4 Qxd1 18. Rfxd1 Bf7 19. Bc5 Rfe8 20. Rd2 b6 21. Bxe7 Rxe7 22. a4 Nc4 23. Re2 Rd8 24. g4 g5 25. Nh5 Bxh5 26. gxh5 Rd2 27. Rxd2 Nxd2 28. Re1 f5 29. e5 Kg7 30. Kf2 Kh6 31. Bf3 Nxf3 32. Kxf3 Kxh5 33. c4 Kg6 34. a5 h5 35. Kg2 f4 36. axb6 axb6 37. Kf3 Kf5 38. e6 Rxe6 39. Rxe6 Kxe6 40. Ke4 Kd6 41. h4 gxh4 42. Kxf4 Kc5 43. Kf3 Kxc4 44. Kg2 b5 45. Kh3 b4 46. Kxh4 b3 47. Kxh5 b2 48. Kg4 b1Q 49. Kf3 Kd4 50. Kf4 Qe4+ 51. Kg5 Ke5 52. Kh5 Kf6 53. Kh6 Qh1# 0-1

[Event "Niedersachsen-ch op-B"]
[Site "Verden"]
[Date "2015.01.02"]
[Round "2"]
[White "Schulze, Lukas"]
[Black "Menze, Gerold"]
[Result "1-0"]
[WhiteElo "1207"]
[BlackElo "1606"]
[PlyCount "155"]
[EventDate "2015.01.02"]
[EventType "swiss"]
[EventRounds "7"]
[EventCountry "GER"]
[SourceTitle "EXT 2018"]
[Source "ChessBase"]
[SourceDate "2017.10.13"]
[SourceVersion "1"]
[SourceVersionDate "2017.10.13"]
[SourceQuality "1"]

1. e4 e5 2. Nf3 Nc6 3. Bc4 d6 4. d4 Bg4 5. h3 Bxf3 6. Qxf3 Qf6 7. Qxf6 Nxf6 8. d5 Na5 9. Bd3 b6 10. f4 Nd7 11. Na3 0-0-0 12. Nb5 Kb7 13. b4 c6 14. Nc3 cxd5 15. bxa5 bxa5 16. Nxd5 Nc5 17. fxe5 dxe5 18. Bb2 Bd6 19. Rb1 Ka8 20. Ba3 Nxd3+ 21. cxd3 Rb8 22. Rxb8+ Rxb8 23. Bc1 Rb1 24. Kd2 Ra1 25. Rd1 Rxa2+ 26. Ke1 Rxg2 27. Bd2 Bc5 28. Bxa5 Bf2+ 29. Kf1 Rg1+ 30. Ke2 Rg2 31. Kf3 Rh2 32. Rd2 Rxh3+ 33. Kxf2 Kb7 34. Bc3 f6 35. Rb2+ Kc6 36. Ne7+ Kd7 37. Nf5 Rxd3 38. Ba5 Kc6 39. Nxg7 Rh3 40. Kg2 Re3 41. Nh5 Rxe4 42. Nxf6 Ra4 43. Bc3 e4 44. Re2 Rc4 45. Be1 Kd6 46. Rxe4 Rxe4 47. Nxe4+ Kd5 48. Nf6+ Kc4 49. Nxh7 Kb5 50. Kf3 a5 51. Ke2 a4 52. Kd3 a3 53. Kc2 Kc4 54. Kb1 a2+ 55. Kxa2 Kd3 56. Kb3 Kd4 57. Bf2+ Ke4 58. Kc3 Kd5 59. Kd3 Ke5 60. Bd4+ Kf5 61. Nf8 Kf4 62. Bc3 Kf3 63. Ne6 Kg4 64. Ke4 Kg3 65. Be1+ Kg4 66. Bf2 Kh5 67. Kf5 Kh6 68. Bh4 Kh5 69. Bf6 Kh6 70. Nf4 Kh7 71. Kg5 Kg8 72. Kg6 Kf8 73. Nd3 Ke8 74. Ne5 Kf8 75. Kf5 Kg8 76. Ke6 Kh7 77. Kf7 Kh6 78. Nd7 1-0

[Event "Niedersachsen-ch op-B"]
[Site "Verden"]
[Date "2012.01.05"]
[Round "7"]
[White "Menze, Gerold"]
[Black "Hesse, Juergen"]
[Result "0-1"]
[WhiteElo "1636"]
[BlackElo "2036"]
[PlyCount "64"]
[EventDate "2012.01.02"]
[EventType "swiss"]
[EventRounds "7"]
[EventCountry "GER"]
[SourceTitle "EXT 2021"]
[Source "ChessBase"]
[SourceDate "2020.10.23"]
[SourceVersion "1"]
[SourceVersionDate "2020.10.23"]
[SourceQuality "1"]

1. b4 d5 2. Bb2 Bf5 3. e3 e6 4. Nf3 Nf6 5. b5 Be7 6. c4 0-0 7. Nc3 a5 8. a4 Nbd7 9. Nd4 Bg6 10. Be2 dxc4 11. Bxc4 Ne5 12. Be2 Bb4 13. Na2 Bd6 14. Nc1 Nd5 15. 0-0 Nb4 16. d3 c5 17. Ndb3 b6 18. f4 Nd7 19. d4 Qe7 20. Bc3 Nc2 21. Rf3 Nxa1 22. Bxa1 Rac8 23. Rg3 Nf6 24. Nd3 c4 25. Ne5 cxb3 26. Nc6 Qd7 27. Bf3 Nd5 28. Bh5 Rxc6 29. bxc6 Qxc6 30. Bf3 Qc2 31. h3 Rc8 32. Kh2 b2 0-1

[Event "Niedersachsen-ch op-B"]
[Site "Verden"]
[Date "2012.01.02"]
[Round "1"]
[White "Menze, Gerold"]
[Black "Belakhin, Alexander"]
[Result "0-1"]
[WhiteElo "1636"]
[BlackElo "1878"]
[PlyCount "82"]
[EventDate "2012.01.02"]
[EventType "swiss"]
[EventRounds "7"]
[EventCountry "GER"]
[SourceTitle "EXT 2021"]
[Source "ChessBase"]
[SourceDate "2020.10.23"]
[SourceVersion "1"]
[SourceVersionDate "2020.10.23"]
[SourceQuality "1"]

1. b4 d5 2. Bb2 Nf6 3. e3 Bf5 4. c4 e6 5. b5 Be7 6. a4 a5 7. Ba3 Nbd7 8. Nf3 0-0 9. Bxe7 Qxe7 10. Be2 Ne4 11. 0-0 Nb6 12. d3 Nf6 13. Nd4 Bg6 14. Qc1 dxc4 15. dxc4 Nbd7 16. Qc3 Ne4 17. Qa3 Qg5 18. Nf3 Qf6 19. Nbd2 Nc3 20. Rfe1 b6 21. Rac1 Nxe2+ 22. Rxe2 Nc5 23. e4 Rad8 24. Re3 Rd7 25. Qa1 Qf4 26. g3 Qd6 27. e5 Qe7 28. Qa2 Rfd8 29. Rcc3 h6 30. Kg2 Bf5 31. Kg1 g5 32. Re2 Bh3 33. Kh1 g4 34. Ng1 Nxa4 35. Qxa4 Rxd2 36. Rce3 Qc5 37. Qa1 Rd1 38. Qc3 Bf1 39. Re1 Bxc4 40. Rxd1 Rxd1 41. Re1 Bd5+ 0-1

[Event "Bremen-ch op"]
[Site "Delmenhorst"]
[Date "2011.04.23"]
[Round "4"]
[White "Kueck, Alexander"]
[Black "Menze, Gerold"]
[Result "0-1"]
[WhiteElo "1047"]
[BlackElo "1648"]
[PlyCount "36"]
[EventDate "2011.04.16"]
[EventType "swiss"]
[EventRounds "9"]
[EventCountry "GER"]
[SourceTitle "EXT 2012"]
[Source "ChessBase"]
[SourceDate "2011.11.24"]
[SourceVersion "1"]
[SourceVersionDate "2011.11.24"]
[SourceQuality "1"]

1. e4 e5 2. Nf3 Nc6 3. Bb5 d6 4. d4 Bd7 5. Nc3 Nxd4 6. Bxd7+ Qxd7 7. Nxd4 exd4 8. Qxd4 c5 9. Qd1 Be7 10. Be3 Bf6 11. Qd2 Ne7 12. 0-0-0 Rd8 13. h3 b6 14. g4 Bxc3 15. Qxc3 0-0 16. e5 Qe6 17. exd6 Qxa2 18. dxe7 Qa1# 0-1

[Event "Bremen-ch op"]
[Site "Delmenhorst"]
[Date "2011.04.17"]
[Round "2"]
[White "Munk, Leonhard"]
[Black "Menze, Gerold"]
[Result "1-0"]
[WhiteElo "1953"]
[BlackElo "1648"]
[PlyCount "53"]
[EventDate "2011.04.16"]
[EventType "swiss"]
[EventRounds "9"]
[EventCountry "GER"]
[SourceTitle "EXT 2012"]
[Source "ChessBase"]
[SourceDate "2011.11.24"]
[SourceVersion "1"]
[SourceVersionDate "2011.11.24"]
[SourceQuality "1"]

1. d4 d5 2. c4 e5 3. cxd5 Qxd5 4. e3 exd4 5. Qxd4 Qxd4 6. exd4 Nf6 7. Nc3 Bb4 8. f3 0-0 9. Bd3 Nd5 10. Nge2 Re8 11. 0-0 Bxc3 12. bxc3 Nc6 13. Rb1 a6 14. Be4 Nde7 15. Ng3 f5 16. Bd3 g6 17. Re1 Bd7 18. Ba3 Nd5 19. Bc4 Be6 20. Rxe6 Rxe6 21. Bxd5 Rae8 22. Rxb7 Kh8 23. Bxe6 Rxe6 24. Kf2 Na5 25. Rxc7 h5 26. Bb4 Nc6 27. d5 1-0

[Event "Niedersachsen-ch op"]
[Site "Verden"]
[Date "2011.01.04"]
[Round "6"]
[White "Menze, Gerold"]
[Black "Tenninger, Joerg"]
[Result "0-1"]
[WhiteElo "1257"]
[BlackElo "1627"]
[PlyCount "116"]
[EventDate "2011.01.02"]
[EventType "swiss"]
[EventRounds "7"]
[EventCountry "GER"]
[SourceTitle "EXT 2018"]
[Source "ChessBase"]
[SourceDate "2017.10.13"]
[SourceVersion "1"]
[SourceVersionDate "2017.10.13"]
[SourceQuality "1"]

1. b4 e6 2. Bb2 Nf6 3. b5 b6 4. e3 Bb7 5. Nf3 Be7 6. c4 0-0 7. Nc3 d5 8. a4 a5 9. Be2 Nbd7 10. 0-0 Rc8 11. Re1 c6 12. d3 Qc7 13. bxc6 Bxc6 14. Nb5 Qb8 15. Nfd4 dxc4 16. Nxc6 Rxc6 17. dxc4 Rd8 18. Qc2 Ne5 19. f4 Neg4 20. Bf3 Rcc8 21. Bxf6 Nxf6 22. Red1 Bc5 23. Qf2 Ne8 24. Rxd8 Rxd8 25. g3 Rd3 26. Re1 Qd8 27. Be4 Rd2 28. Qf1 Nf6 29. Bf3 g6 30. Kh1 Qd3 31. Nd4 Qa3 32. Rd1 Qxe3 33. Rxd2 Qxd2 34. Nb3 Qb4 35. Bd1 Ne4 36. Kg2 Nc3 37. Nxc5 Qxc5 38. Bc2 Qc6+ 39. Kg1 Nxa4 40. Qd1 Nc5 41. Qd8+ Kg7 42. Qd4+ f6 43. g4 Qd7 44. Qb2 Qc7 45. g5 Qxf4 46. gxf6+ Qxf6 47. Qxb6 Qg5+ 48. Kf2 Qf4+ 49. Kg2 Qg4+ 50. Kh1 Qf3+ 51. Kg1 Qe3+ 52. Kg2 Qe2+ 53. Kg1 Qxc4 54. Qc7+ Kh6 55. Bd3 Qd4+ 56. Kh1 Qd5+ 57. Kg1 Nxd3 58. Qg3 Qg5 0-1

[Event "Niedersachsen-ch op"]
[Site "Verden"]
[Date "2009.01.03"]
[Round "2"]
[White "Menze, Gerold"]
[Black "Soelken, Hagen"]
[Result "0-1"]
[WhiteElo "1290"]
[BlackElo "1948"]
[PlyCount "60"]
[EventDate "2009.01.03"]
[EventType "swiss"]
[EventRounds "7"]
[EventCountry "GER"]
[SourceTitle "EXT 2012"]
[Source "ChessBase"]
[SourceDate "2011.11.24"]
[SourceVersion "1"]
[SourceVersionDate "2011.11.24"]
[SourceQuality "1"]

1. b4 e5 2. b5 Nf6 3. Bb2 d6 4. e3 g6 5. c4 Bg7 6. Nc3 0-0 7. Nf3 a6 8. a4 b6 9. d4 exd4 10. Nxd4 Bb7 11. f3 Nbd7 12. Be2 Nc5 13. 0-0 axb5 14. axb5 d5 15. Rxa8 Qxa8 16. Qd2 dxc4 17. Bxc4 Re8 18. e4 Rd8 19. Nce2 Qc8 20. Qc2 Nfd7 21. Rd1 Ne5 22. Bb3 c6 23. bxc6 Nxc6 24. Bd5 Nxd4 25. Nxd4 Bxd5 26. exd5 Rxd5 27. Ba1 Qd8 28. Qc4 Ne6 29. Kf2 Bxd4+ 30. Bxd4 Rxd4 0-1

[Event "Niedersachsen-ch"]
[Site "Verden"]
[Date "2008.01.05"]
[Round "5"]
[White "Menze, Gerold"]
[Black "Ueltzen, Horst"]
[Result "1-0"]
[WhiteElo "1451"]
[BlackElo "1152"]
[PlyCount "77"]
[EventDate "2008.01.03"]
[EventType "swiss"]
[EventRounds "7"]
[EventCountry "GER"]
[SourceTitle "EXT 2010"]
[Source "ChessBase"]
[SourceDate "2010.11.25"]
[SourceVersion "1"]
[SourceVersionDate "2010.11.25"]
[SourceQuality "1"]

1. b4 d5 2. Bb2 Nf6 3. e3 e6 4. b5 Be7 5. c4 0-0 6. Nf3 c6 7. a4 Nbd7 8. Bd3 Qc7 9. 0-0 dxc4 10. Bxc4 a6 11. bxa6 bxa6 12. d4 c5 13. Ba3 Nb6 14. Qc2 Bb7 15. Nbd2 cxd4 16. Bxe7 Qxe7 17. Nxd4 Nxc4 18. Qxc4 Rac8 19. Qe2 Rfd8 20. N4b3 h5 21. Rfc1 Rxc1+ 22. Rxc1 Qd6 23. h3 Ne4 24. Nxe4 Bxe4 25. Qxh5 Qd5 26. Qxd5 Bxd5 27. Rd1 Rb8 28. Nc5 a5 29. e4 Bb3 30. Nxb3 Rxb3 31. Rd8+ Kh7 32. Ra8 Rb4 33. Rxa5 Rxe4 34. Ra8 Kg6 35. a5 Re1+ 36. Kh2 f5 37. a6 Re2 38. a7 Rxf2 39. Re8 1-0